<?xml version="1.0" encoding="UTF-8"?>
<collection xmlns="http://www.loc.gov/MARC21/slim">
 <record>
  <leader>01379nam a2200277 a 4500</leader>
  <controlfield tag="001">16496</controlfield>
  <controlfield tag="003">BD-DhAAL</controlfield>
  <controlfield tag="008">090628s2004    enka          000 0 eng d</controlfield>
  <datafield tag="010" ind1=" " ind2=" ">
   <subfield code="a">\\2004110959</subfield>
  </datafield>
  <datafield tag="020" ind1=" " ind2=" ">
   <subfield code="a">0500285330 (pbk.)</subfield>
  </datafield>
  <datafield tag="040" ind1=" " ind2=" ">
   <subfield code="a">UKM</subfield>
   <subfield code="c">UKM</subfield>
   <subfield code="d">BWK</subfield>
   <subfield code="d">OCLCQ</subfield>
   <subfield code="d">NYP</subfield>
   <subfield code="d">OCoLC</subfield>
   <subfield code="d">DLC</subfield>
   <subfield code="d">BD-DhAAL</subfield>
  </datafield>
  <datafield tag="082" ind1="0" ind2="4">
   <subfield code="a">720.7917671</subfield>
   <subfield code="2">22</subfield>
  </datafield>
  <datafield tag="245" ind1="0" ind2="0">
   <subfield code="a">Architecture and polyphony :</subfield>
   <subfield code="b">building in the Islamic world today /</subfield>
   <subfield code="c">edited by Philippa Baker.</subfield>
  </datafield>
  <datafield tag="260" ind1=" " ind2=" ">
   <subfield code="a">London :</subfield>
   <subfield code="b">Thames &amp; Hudson,</subfield>
   <subfield code="c">2004.</subfield>
  </datafield>
  <datafield tag="300" ind1=" " ind2=" ">
   <subfield code="a">175 pages :</subfield>
   <subfield code="b">color illustrations ;</subfield>
   <subfield code="c">28 cm</subfield>
  </datafield>
  <datafield tag="500" ind1=" " ind2=" ">
   <subfield code="a">&quot;The Aga Khan Award for Architecture, the ninth award cycle&quot;--Cover.</subfield>
  </datafield>
  <datafield tag="526" ind1=" " ind2=" ">
   <subfield code="a">ARC</subfield>
   <subfield code="x">Huraera Jabeen, Faculty member of Department of Architecture</subfield>
  </datafield>
  <datafield tag="541" ind1="1" ind2=" ">
   <subfield code="e">16496</subfield>
   <subfield code="a">Zeenat Book Supply Limited</subfield>
  </datafield>
  <datafield tag="610" ind1="2" ind2="0">
   <subfield code="a">Aga Khan Award for Architecture (Organization)</subfield>
   <subfield code="9">31733</subfield>
  </datafield>
  <datafield tag="650" ind1=" " ind2="0">
   <subfield code="a">Architecture</subfield>
   <subfield code="z">Islamic countries</subfield>
   <subfield code="x">History</subfield>
   <subfield code="y">20th century.</subfield>
   <subfield code="9">31734</subfield>
  </datafield>
  <datafield tag="700" ind1="1" ind2=" ">
   <subfield code="a">Baker, Philippa.</subfield>
   <subfield code="9">31735</subfield>
  </datafield>
  <datafield tag="710" ind1="2" ind2=" ">
   <subfield code="a">Aga Khan Award for Architecture (Organization)</subfield>
   <subfield code="9">31733</subfield>
  </datafield>
  <datafield tag="852" ind1="4" ind2=" ">
   <subfield code="a">Ayesha Abed Library</subfield>
   <subfield code="c">General Stacks</subfield>
  </datafield>
  <datafield tag="942" ind1=" " ind2=" ">
   <subfield code="2">ddc</subfield>
   <subfield code="c">BK</subfield>
  </datafield>
  <datafield tag="999" ind1=" " ind2=" ">
   <subfield code="c">1728</subfield>
   <subfield code="d">1728</subfield>
  </datafield>
  <datafield tag="952" ind1=" " ind2=" ">
   <subfield code="0">0</subfield>
   <subfield code="1">4</subfield>
   <subfield code="2">ddc</subfield>
   <subfield code="4">0</subfield>
   <subfield code="6">720_791767100000000_ARC</subfield>
   <subfield code="7">0</subfield>
   <subfield code="9">1583</subfield>
   <subfield code="a">BRACUL</subfield>
   <subfield code="b">BRACUL</subfield>
   <subfield code="c">GEN</subfield>
   <subfield code="d">2009-06-28</subfield>
   <subfield code="e">Zeenat Book Supply Limited</subfield>
   <subfield code="g">2373.00</subfield>
   <subfield code="l">0</subfield>
   <subfield code="o">720.7917671 ARC</subfield>
   <subfield code="p">3010016496</subfield>
   <subfield code="r">2009-06-28</subfield>
   <subfield code="t">1</subfield>
   <subfield code="w">2009-06-28</subfield>
   <subfield code="y">BK</subfield>
   <subfield code="x">Koha Inventory 2020 ; Requisitioned by Huraera Jabeen, Faculty member of Department of Architecture (ARC).</subfield>
  </datafield>
 </record>
</collection>
